| 000 | 00346nam a22001337a 4500 | ||
|---|---|---|---|
| 082 | _a 621.3848 SKO | ||
| 100 | _a Merrill I. Skolnik | ||
| 245 | _aIntroduction to Radar Systems | ||
| 260 |
_aNew York _b McGraw-Hill, _c1962 |
||
| 300 |
_a648 p. _bill. : _e25 cm. |
||
| 500 | _a Includes bibliography. | ||
| 650 | _a Radar Systems | ||
| 942 | _cBK | ||
| 999 |
_c12162 _d12162 |
||